Cuba en mi corazón / (Record no. 10774)
[ view plain ]
| 000 -LEADER | |
|---|---|
| fixed length control field | 00519nam a22001817a 4500 |
| 005 - DATE AND TIME OF LATEST TRANSACTION | |
| control field | 20250227125743.0 |
| 008 - FIXED-LENGTH DATA ELEMENTS--GENERAL INFORMATION | |
| fixed length control field | 250227b ||||| |||| 00| 0 spa d |
| 020 ## - INTERNATIONAL STANDARD BOOK NUMBER | |
| International Standard Book Number | 959-224-111-2 |
| 082 14 - DEWEY DECIMAL CLASSIFICATION NUMBER | |
| Edition number | 14 |
| Classification number | 972.91 |
| 100 1# - MAIN ENTRY--PERSONAL NAME | |
| Personal name | Rodríguez La O, Raúl |
| 9 (RLIN) | 21310 |
| 245 10 - TITLE STATEMENT | |
| Title | Cuba en mi corazón / |
| Statement of responsibility, etc | Raúl Rodríguez La O |
| 260 ## - PUBLICATION, DISTRIBUTION, ETC. (IMPRINT) | |
| Place of publication, distribution, etc | La Habana: |
| Name of publisher, distributor, etc | Verde Olivo, |
| Date of publication, distribution, etc | 2000 |
| 300 ## - PHYSICAL DESCRIPTION | |
| Extent | 198 p. |
| 650 27 - SUBJECT ADDED ENTRY--TOPICAL TERM | |
| Topical term or geographic name as entry element | HISTORIA |
| 9 (RLIN) | 600 |
| Source of heading or term | unescot |
| 651 17 - SUBJECT ADDED ENTRY--GEOGRAPHIC NAME | |
| Geographic name | CUBA |
| 9 (RLIN) | 3092 |
| Source of heading or term | unescot |
| 942 ## - ADDED ENTRY ELEMENTS (KOHA) | |
| Source of classification or shelving scheme | Dewey Decimal Classification |
| Item type | Libro, folleto, traducción |
| 980 ## - EQUIVALENCE OR CROSS-REFERENCE-SERIES STATEMENT--PERSONAL NAME/TITLE [LOCAL, CANADA] | |
| Field link and sequence number | 19226 |
| Miscellaneous information | Palazón Marcela I. |
| Linkage | 19226 |
| Personal name | Palazón Marcela I. |
| Withdrawn status | Lost status | Source of classification or shelving scheme | Damaged status | Not for loan | Home library | Current library | Date acquired | Total Checkouts | Full call number | Barcode | Date last seen | Copy number | Price effective from | Koha item type |
|---|---|---|---|---|---|---|---|---|---|---|---|---|---|---|
| Dewey Decimal Classification | Biblioteca Central | Biblioteca Central | 27/02/2025 | 972.91 ROD | UNAJ25020228 | 27/02/2025 | 1 | 27/02/2025 | Libro, folleto, traducción |